Joint venture in international business / (Record no. 28959)

MARC details
000 -LEADER
fixed length control field 01118nam a2200277 a 4500
005 - DATE AND TIME OF LATEST TRANSACTION
control field 20090806113742.0
008 - FIXED-LENGTH DATA ELEMENTS--GENERAL INFORMATION
fixed length control field 990813s1999 ii b 001 0 eng
010 ## - LCCN (DPL NO)
LC control number ENG-94642
020 ## - INTERNATIONAL STANDARD BOOK NUMBER
International Standard Book Number 9788125926573
Terms of availability 550.00
035 ## - SYSTEM CONTROL NUMBER
System control number EN-78175
037 ## - SOURCE OF ACQUISITION
Source of stock number/acquisition DBAD / PUB
040 ## - CATALOGING SOURCE
Original cataloging agency dpl
Language of cataloging English
082 ## - DEWEY DECIMAL CLASSIFICATION NUMBER
Classification number 658.049091724
100 ## - MAIN ENTRY--PERSONAL NAME
Personal name Rao, M. B.
Fuller form of name (Medury Bhaskara)
245 ## - TITLE STATEMENT
Title Joint venture in international business /
Statement of responsibility, etc by M.B. Rao [and] Manjula Guru
260 ## - PUBLICATION, DISTRIBUTION, ETC. (IMPRINT)
Place of publication, distribution, etc New Delhi :
Name of publisher, distributor, etc Vikas Publishing House
Date of publication, distribution, etc 2009
270 ## - ADDRESS
Address 576, Masjid Road, Jangpura
City New Delhi
Postal code 110014
300 ## - PHYSICAL DESCRIPTION
Extent xx, 446p.
Dimensions 25cm(pbk)
500 ## - GENERAL NOTE
General note Includes bibliographical references and index
520 ## - SUMMARY, ETC.
Summary, etc With reference to India.
650 ## - SUBJECT ADDED ENTRY--TOPICAL TERM
Topical term or geographic name as entry element Joint ventures
Chronological subdivision Developing countries
650 ## - SUBJECT ADDED ENTRY--TOPICAL TERM
Topical term or geographic name as entry element International business enterprises
Geographic subdivision Developing countries
700 ## - ADDED ENTRY--PERSONAL NAME
Personal name Manjula Guru
942 ## - ADDED ENTRY ELEMENTS (KOHA)
Source of classification or shelving scheme Dewey Decimal Classification
Item type English Books
Classification part 658.049091724
Call number suffix RAO
Holdings
Withdrawn status Lost status Source of classification or shelving scheme Damaged status Not for loan Collection code Home library Current library Date acquired Source of acquisition Cost, normal purchase price Total Checkouts Full call number Barcode Date last seen Copy number Cost, replacement price Koha item type
    Dewey Decimal Classification   Not For Loan Non-fiction D.B.Act.Division D.B.Act.Division 06/08/2009 DBAD / PUB 550.00   658.049091724 RAO EN-78175 06/08/2009 1 550.00 English Books

© Delhi Public Library
Hit Counter
free hit counter